Горячий снег (Record no. 379054)

MARC details
000 -LEADER
fixed length control field 00689nam a22002417a 4500
001 - CONTROL NUMBER
control field 92693
003 - CONTROL NUMBER IDENTIFIER
control field UA-OsUOA
005 - DATE AND TIME OF LATEST TRANSACTION
control field 20210507233002.0
007 - PHYSICAL DESCRIPTION FIXED FIELD--GENERAL INFORMATION
fixed length control field ta
008 - FIXED-LENGTH DATA ELEMENTS--GENERAL INFORMATION
fixed length control field 20121221b un ||||| |||| 00| 0 ukr d
040 ## - CATALOGING SOURCE
Original cataloging agency UA-OsUOA
Language of cataloging rus
Transcribing agency UA-OsUOA
Modifying agency UA-OsUOA
041 ## - LANGUAGE CODE
Language code of text/sound track or separate title rus
080 ## - UNIVERSAL DECIMAL CLASSIFICATION NUMBER
Universal Decimal Classification number 82.161.2
090 ## - LOCALLY ASSIGNED LC-TYPE CALL NUMBER (OCLC); LOCAL CALL NUMBER (OCLC)
Classification number (OCLC) (R) ; Classification number, CALL (RLIN) (NR) 82.161.2
Local cutter number (OCLC) ; Book number/undivided call number, CALL (RLIN) Б81
100 ## - MAIN ENTRY--PERSONAL NAME
Personal name Бондарев Ю.
245 ## - TITLE STATEMENT
Title Горячий снег
Remainder of title роман
260 ## - PUBLICATION, DISTRIBUTION, ETC. (IMPRINT)
Place of publication, distribution, etc М.
Name of publisher, distributor, etc Сов. писатель
Date of publication, distribution, etc 1977
300 ## - PHYSICAL DESCRIPTION
Extent 384 с.
650 #7 - SUBJECT ADDED ENTRY--TOPICAL TERM
Topical term or geographic name as entry element 82 Література. Літературознавство
Source of heading or term UDC
942 ## - ADDED ENTRY ELEMENTS (KOHA)
Koha item type Books
Source of classification or shelving scheme Universal Decimal Classification
955 ## - COPY-LEVEL INFORMATION (RLIN)
Classification number, CCAL (RLIN) Літературно-художні видання
Holdings
Withdrawn status Lost status Source of classification or shelving scheme Damaged status Not for loan Home library Current library Date acquired Inventory number Total Checkouts Full call number Barcode Date last seen Price effective from Koha item type
    Universal Decimal Classification     АБ - Абонемент НБ АБ - Абонемент НБ 21/12/2012 19771   82.161.2 Б81 19771 11/04/2022 21/12/2012 Books
    Universal Decimal Classification     АБ - Абонемент НБ АБ - Абонемент НБ 27/12/2012 34998   82.161.2 Б81 34998 11/04/2022 21/12/2012 Books
    Universal Decimal Classification     АБ - Абонемент НБ АБ - Абонемент НБ 21/12/2012 42830   82.161.2 Б81 42830 11/04/2022 21/12/2012 Books